01416nab a2200349 i 450000100060000000300080000600500170001400600190003100700150005000800410006502200140010603500220012004000310014205000210017308000230019408200150021724502410023226400560047333600310052933700330056033800430059354600370063665000430067365000330071665000250074965000320077465000440080665500270085070000430087777300830092085600630100354065FINmELB20241216232527.0m o d | cr cnu||||||||240708c20219999cu qr p o 0 0spa d a1561-2961 a(OCoLC)1472950690 aFINmELBbspaerdacFINmELB 4aRT41b.A846 2021 a614.21(045)(729.1)04a610.7322300aAtención de enfermería en la unidad de cuidado intensivo neonatal desde la perspectiva de las enfermeras =bNursing Care in the Neonatal Intensive Care Unit from the Perspective of Nurses /cIarla Josefa Lima dos Santos [y otros 5]. 1a[La Habana] :bEditorial Ciencias Médicas,c2021. atextobtxt2rdacontent/spa acomputadorabc2rdamedia/spa arecurso en líneabcr2rdacarrier/spa aResumen en español e inglés. 4aAtención de enfermeríaxMétodos. 4aEpidemiología descriptiva. 4aMortalidad infantil. 4aRelaciones interpersonales. 4aUnidades de cuidado intensivo neonatal. 4aLibros electrónicos.1 aLima dos Santos, Iarla Josefa,eautor.08iContenida en:tRevista cubana de enfermeríagVol. 37, no. 2 (2021), p. e363840uhttps://elibro.net/ereader/politecnicointernacional/274664